[Event "Ct. Catalunya eq. DH"]
[Site "?"]
[Date "2011.02.26"]
[Round "5.9"]
[White "Fernandez Cazorla, A."]
[Black "Llaneza Vega, P."]
[Result "1-0"]
[WhiteElo "2295"]
[BlackElo "2351"]
[PlyCount "91"]
[EventDate "2011.??.??"]
[EventType "team"]

1. e4 c5 2. Nf3 Nc6 3. d4 cxd4 4. Nxd4 Nf6 5. Nc3 e5 6. Ndb5 d6 7. Bg5 a6 8.
Na3 b5 9. Nd5 Be7 10. Bxf6 Bxf6 11. c3 O-O 12. Nc2 Rb8 13. a4 bxa4 14. Ncb4
Nxb4 15. cxb4 Bb7 16. Rxa4 Bc6 17. Bxa6 Bxa4 18. Qxa4 Qe8 19. Qxe8 Rfxe8 20.
Ke2 Bd8 21. Rc1 Bb6 22. f3 Bd4 23. b3 Kf8 24. Rc6 Red8 25. b5 Ra8 26. Kd3 Bg1
27. h3 Bc5 28. Kc4 Bf2 29. Rc7 h6 30. Bb7 Ra1 31. Kd3 Bc5 32. b4 Bd4 33. b6 Rb8
34. Rc8+ Rxc8 35. Bxc8 Ke8 36. b7 Ba7 37. b5 Kd8 38. b6 Bb8 39. Nb4 Rc1 40. Na6
Rxc8 41. bxc8=Q+ Kxc8 42. Kc4 Kb7 43. Nxb8 Kxb8 44. Kd5 Kb7 45. Kxd6 Kxb6 46.
Ke7 1-0

[Event "Ct. Catalunya eq. DH"]
[Site "?"]
[Date "2011.??.??"]
[Round "5.9"]
[White "Tallo Dominguez, I."]
[Black "Roig Grau, J."]
[Result "1/2-1/2"]
[WhiteElo "2204"]
[BlackElo "2161"]
[PlyCount "86"]
[EventDate "2011.??.??"]
[EventType "team"]

1. e4 c6 2. d4 d5 3. e5 Bf5 4. Nf3 e6 5. Be2 c5 6. c3 Qb6 7. O-O Nc6 8. a3 cxd4
9. cxd4 Bxb1 10. Rxb1 Bxa3 11. Be3 Bb4 12. g4 Nge7 13. Ng5 h6 14. Nh3 O-O-O 15.
Nf4 g6 16. Qd3 Kb8 17. h3 Rdg8 18. Kg2 h5 19. Rh1 Rg7 20. Bf3 Rgh7 21. Be2 hxg4
22. hxg4 Rxh1 23. Rxh1 Rxh1 24. Kxh1 a6 25. Nh3 Nc8 26. Ng5 Nd8 27. Kg2 Be7 28.
Qc3 Bxg5 29. Bxg5 Nc6 30. Be3 Qb4 31. Qxb4 Nxb4 32. f4 Kc7 33. Bd2 Nc6 34. Be3
b5 35. Kg3 Kd7 36. Kh4 Nb6 37. b3 Ke7 38. Kg5 Nd7 39. f5 gxf5 40. gxf5 exf5 41.
Kxf5 Nf8 42. Bf3 Ne6 43. Bxd5 Ncxd4+ 1/2-1/2

[Event "Ct. Catalunya eq. DH"]
[Site "?"]
[Date "2011.02.26"]
[Round "5.10"]
[White "Yepes Martinez, E."]
[Black "Guasch Sariol, J."]
[Result "1-0"]
[WhiteElo "2331"]
[BlackElo "2228"]
[PlyCount "45"]
[EventDate "2011.??.??"]
[EventType "team"]

1. d4 f5 2. Bf4 Nf6 3. e3 g6 4. h4 h6 5. Nf3 d6 6. Bc4 Ne4 7. Nbd2 Nd7 8. Nxe4
fxe4 9. Nd2 Nf6 10. f3 d5 11. Bb3 c6 12. Qe2 a5 13. a4 Bg7 14. fxe4 Bg4 15. Qd3
Nxe4 16. h5 Bf5 17. hxg6 Qd7 18. Nxe4 Bxe4 19. Qe2 Qf5 20. O-O-O O-O-O 21. Rh3
Qxg6 22. Rg3 Qh7 23. Qg4+ 1-0

[Event "Ct. Catalunya eq. DH"]
[Site "?"]
[Date "2011.03.05"]
[Round "6.1"]
[White "Hernando Rodrigo, JA."]
[Black "Rodriguez Vargas, O."]
[Result "1-0"]
[WhiteElo "2386"]
[BlackElo "2434"]
[PlyCount "99"]
[EventDate "2011.??.??"]
[EventType "team"]

1. d4 d5 2. c4 dxc4 3. Nf3 Nf6 4. e3 Bg4 5. Bxc4 e6 6. Qb3 Bxf3 7. gxf3 b6 8.
Nc3 a6 9. d5 e5 10. d6 Bxd6 11. Bxf7+ Kf8 12. e4 Nc6 13. Be3 Na5 14. Qe6 Qe7
15. Qxe7+ Kxe7 16. Bd5 Raf8 17. Rg1 g6 18. Bh6 Rb8 19. a3 Nxd5 20. Nxd5+ Ke6
21. Rc1 c6 22. Ne3 Nb3 23. Rxc6 Nd4 24. Rxd6+ Kxd6 25. Rg3 Rhc8 26. f4 Rb7 27.
Ng4 Rc1+ 28. Kd2 Rbc7 29. fxe5+ Ke7 30. Bg5+ Kf7 31. Rd3 R1c2+ 32. Ke3 Ne6 33.
Bf6 g5 34. Rd6 R2c6 35. h4 h5 36. Nh6+ Kg6 37. Bxg5 Rxd6 38. exd6 Rd7 39. Nf5
Nxg5 40. hxg5 Kxg5 41. Kd4 h4 42. Kd5 h3 43. Kc6 Rd8 44. Kc7 Rh8 45. Ng3 Kg4
46. d7 Kf3 47. d8=Q Rxd8 48. Kxd8 Kxf2 49. Nh1+ Kg2 50. e5 1-0

[Event "Ct. Catalunya eq. DH"]
[Site "?"]
[Date "2011.03.05"]
[Round "6.1"]
[White "Magem Badals, J."]
[Black "Peralta, F."]
[Result "1/2-1/2"]
[WhiteElo "2573"]
[BlackElo "2607"]
[PlyCount "140"]
[EventDate "2011.??.??"]
[EventType "team"]

1. e4 c6 2. d4 d5 3. e5 Bf5 4. h4 h6 5. g4 Bd7 6. h5 c5 7. c3 Nc6 8. Bh3 e6 9.
Ne2 Qb6 10. Kf1 O-O-O 11. Kg2 f6 12. f4 g5 13. hxg6 fxe5 14. dxe5 Nge7 15. Nd2
Nxg6 16. Nf3 d4 17. cxd4 cxd4 18. Qd3 Rg8 19. Bd2 Kb8 20. Rhc1 Nb4 21. Qxd4
Nh4+ 22. Kf2 Nd3+ 23. Ke3 Nxc1 24. Rxc1 Nxf3 25. Qxb6 axb6 26. Kxf3 Bc6+ 27.
Rxc6 bxc6 28. Be3 Bc5 29. Bxc5 bxc5 30. Ke3 Kc7 31. f5 Rd5 32. Ke4 Rb8 33. Nf4
exf5+ 34. gxf5 Rb4+ 35. Kf3 Rxe5 36. f6 Re8 37. f7 Rxf4+ 38. Kxf4 Rf8 39. Be6
Kd6 40. Bc4 Ke7 41. a4 Kf6 42. a5 h5 43. a6 h4 44. Kg4 Rh8 45. Kh3 Ke7 46. a7
Ra8 47. Kxh4 Rxa7 48. Kg5 Ra1 49. Kf5 Re1 50. b3 Rh1 51. Ke5 Rh5+ 52. Ke4 Rh6
53. Ke5 Rf6 54. Ke4 Kd6 55. Kd3 Ke5 56. Ke3 Rf4 57. Ke2 Kd4 58. Be6 Ke4 59. Bc4
Ke5 60. Kd3 Rd4+ 61. Ke3 Rd8 62. Kf3 Kf6 63. Ke4 Rd4+ 64. Ke3 Ke7 65. Be6 Rd5
66. Bxd5 cxd5 67. Kf4 Kxf7 68. Ke5 d4 69. Ke4 Ke6 70. b4 cxb4 1/2-1/2

[Event "Ct. Catalunya eq. DH"]
[Site "?"]
[Date "2011.??.??"]
[Round "6.1"]
[White "Moskalenko, V."]
[Black "Movsziszian, K."]
[Result "1-0"]
[WhiteElo "2564"]
[BlackElo "2516"]
[PlyCount "153"]
[EventDate "2011.??.??"]
[EventType "team"]

1. c4 d6 2. Nc3 e5 3. g3 g6 4. Bg2 Bg7 5. e4 Nc6 6. Nge2 Nge7 7. d3 O-O 8. O-O
a6 9. Nd5 b5 10. Be3 Rb8 11. Qd2 Nd4 12. Bxd4 exd4 13. cxb5 axb5 14. a4 c5 15.
Nxe7+ Qxe7 16. Nf4 Be6 17. Nxe6 Qxe6 18. a5 Ra8 19. a6 Ra7 20. Qa5 Rb8 21. e5
Bxe5 22. Bb7 Qd7 23. Qb6 Rbxb7 24. axb7 Rxb7 25. Ra8+ Kg7 26. Qa6 h5 27. h4 Rc7
28. Rb8 Qh3 29. Qa8 c4 30. Qf3 Qd7 31. Re1 c3 32. b4 c2 33. Rc1 d5 34. Kg2 Qc6
35. Qe2 Bd6 36. Qe8 Qxe8 37. Rxe8 Bxb4 38. Re2 Bc3 39. Rexc2 b4 40. Rb1 Rb7 41.
Ra2 b3 42. Ra6 b2 43. Kf3 f6 44. Rd6 Rb5 45. Ke2 Kf7 46. Kd1 Rb7 47. Ke2 Ra7
48. Rb6 Ra1 49. R6xb2 Bxb2 50. Rxb2 Ke6 51. Rb6+ Ke5 52. Rb8 Ra2+ 53. Ke1 Rc2
54. Rd8 Ra2 55. Rd7 Ke6 56. Rg7 Kf5 57. Rf7 g5 58. hxg5 Kxg5 59. Rg7+ Kf5 60.
Rg8 Ra1+ 61. Ke2 Ra2+ 62. Ke1 Ra7 63. Rd8 Ra1+ 64. Ke2 Ra2+ 65. Ke1 Kg4 66.
Rxd5 Ra4 67. Kf1 h4 68. gxh4 f5 69. Kg2 Kxh4 70. Rxf5 Kg4 71. Re5 Kf4 72. Re4+
Kf5 73. Kg3 Rb4 74. f4 Kf6 75. Kf3 Ra4 76. Re5 Ra1 77. Rd5 1-0

[Event "Ct. Catalunya eq. DH"]
[Site "?"]
[Date "2011.03.05"]
[Round "6.1"]
[White "Muñoz Pantoja, M."]
[Black "Alvarez Pedraza, A."]
[Result "0-1"]
[WhiteElo "2533"]
[BlackElo "2483"]
[PlyCount "116"]
[EventDate "2011.??.??"]
[EventType "team"]

1. e4 c6 2. Nc3 d5 3. Nf3 Bg4 4. Be2 Nf6 5. Ne5 Bxe2 6. Qxe2 dxe4 7. Nxe4 Qd5
8. Nxf6+ gxf6 9. Ng4 Qxg2 10. Nxf6+ Kd8 11. Qd3+ Kc7 12. Qe4 Qg6 13. Qxg6 hxg6
14. Ne4 Nd7 15. d4 Rh4 16. f3 f5 17. Ng5 Bh6 18. c3 e5 19. O-O Re8 20. Bd2 e4
21. Rae1 e3 22. Rxe3 Bxg5 23. Rxe8 Bxd2 24. Re6 g5 25. Rf2 Bf4 26. Rfe2 Rh3 27.
Re7 Rxf3 28. Rf7 Be3+ 29. Kg2 g4 30. h3 f4 31. hxg4 Rg3+ 32. Kh1 Rg1+ 33. Kh2
Rxg4 34. Kh3 Rg3+ 35. Kh2 Rg6 36. Kh1 c5 37. d5 c4 38. Rg2 Rd6 39. Rf5 b5 40.
Rg7 Rh6+ 41. Kg2 Kd6 42. Kf3 Rh3+ 43. Kg2 Rh6 44. Kf3 a5 45. a3 a4 46. Rg8 Bc1
47. Rc8 Rh3+ 48. Kg2 Rg3+ 49. Kf1 Ne5 50. Rd8+ Kc7 51. Re8 Nd7 52. Re6 Rg7 53.
Re2 Rg6 54. Re6 Rg7 55. Re2 Be3 56. Rh2 Rg6 57. Rh7 Kd6 58. Rh8 Ne5 0-1

[Event "Ct. Catalunya eq. DH"]
[Site "?"]
[Date "2011.03.05"]
[Round "6.2"]
[White "Asis Gargatagli, H."]
[Black "Piñero Fernandez, X."]
[Result "1-0"]
[WhiteElo "2426"]
[BlackElo "2363"]
[PlyCount "77"]
[EventDate "2011.??.??"]
[EventType "team"]

1. e4 e6 2. d4 d5 3. Nd2 Nf6 4. e5 Nfd7 5. Ngf3 c5 6. c3 b6 7. Bb5 Be7 8. Qe2
Bb7 9. O-O Qc8 10. Re1 Ba6 11. a4 O-O 12. Nf1 Re8 13. Ng3 Bxb5 14. axb5 a6 15.
Ng5 h6 16. Nh3 Bf8 17. Qg4 g6 18. Nf4 Kh7 19. h4 Bg7 20. Qf3 Ra7 21. h5 Nf8 22.
Be3 cxd4 23. Bxd4 Nbd7 24. b4 Qa8 25. hxg6+ fxg6 26. bxa6 Rxa6 27. Nfh5 Re7 28.
Nf6+ Bxf6 29. Rxa6 Qxa6 30. exf6 Rf7 31. Ne2 b5 32. Nf4 e5 33. Bxe5 Nxe5 34.
Rxe5 d4 35. Nd5 Ne6 36. Qg4 Nd8 37. cxd4 Nc6 38. Qe6 Qa1+ 39. Re1 1-0

[Event "Ct. Catalunya eq. DH"]
[Site "?"]
[Date "2011.03.05"]
[Round "6.2"]
[White "Cuartas Medina, JA."]
[Black "Matnadze, A."]
[Result "1-0"]
[WhiteElo "2547"]
[BlackElo "2452"]
[PlyCount "113"]
[EventDate "2011.??.??"]
[EventType "team"]

1. e4 g6 2. d4 Bg7 3. Nf3 c6 4. Nc3 d6 5. h3 Nd7 6. Bc4 h6 7. a4 Qc7 8. O-O
Ngf6 9. Re1 e5 10. dxe5 dxe5 11. Be3 O-O 12. Nh4 Kh7 13. a5 Rd8 14. Qf3 Nf8 15.
Na4 Be6 16. Bf1 N6d7 17. c4 b6 18. Nf5 bxa5 19. Nxg7 Kxg7 20. Bd2 g5 21. Qc3
Ng6 22. Qxa5 Qc8 23. Bc3 f6 24. Nc5 Bf7 25. Red1 Nb6 26. b3 h5 27. Qa6 Rxd1 28.
Rxd1 Qe8 29. Nb7 Be6 30. Nd6 Qb8 31. c5 Nc8 32. Bc4 Nxd6 33. Bxe6 Nxe4 34. Rd7+
Kh6 35. Qe2 Nf8 36. Qxe4 Nxd7 37. Qxc6 Nxc5 38. Bd5 Qf8 39. Qxa8 Qxa8 40. Bxa8
Nxb3 41. Bd5 Nc5 42. Bb4 Nd7 43. Be6 Nb6 44. g4 hxg4 45. hxg4 Kg7 46. Bc5 Na4
47. Bxa7 Nc3 48. Kf1 Ne4 49. Ke2 Nd6 50. Bc5 Ne8 51. Ke3 Nc7 52. Bc4 Kg6 53.
Ke4 Ne8 54. Bb5 Ng7 55. Bd7 Kf7 56. Kd5 Kg6 57. Bf8 1-0

[Event "Ct. Catalunya eq. DH"]
[Site "?"]
[Date "2011.03.05"]
[Round "6.2"]
[White "Lafuente Pablo, A."]
[Black "Almeida Quintana, O."]
[Result "0-1"]
[WhiteElo "2572"]
[BlackElo "2576"]
[PlyCount "68"]
[EventDate "2011.??.??"]
[EventType "team"]

1. d4 g6 2. Nf3 Bg7 3. g3 Nf6 4. Bg2 O-O 5. O-O d6 6. c4 c6 7. Nc3 Qa5 8. e4 e5
9. h3 Nbd7 10. Qc2 Re8 11. Be3 a6 12. d5 Qc7 13. Ne1 b5 14. dxc6 Qxc6 15. cxb5
axb5 16. Nd3 Bb7 17. Qb3 Ra5 18. Rfc1 Nc5 19. Bxc5 dxc5 20. Nd5 c4 21. Qb4 Raa8
22. Ne7+ Rxe7 23. Qxe7 Bf8 24. Qxe5 Qb6 25. Nf4 Re8 26. Qc3 Nxe4 27. Bxe4 Rxe4
28. Rf1 Bc5 29. Rad1 b4 30. Qf3 Rxf4 31. Qxf4 Qc6 32. Rd8+ Kg7 33. Qe5+ f6 34.
Rd7+ Kh6 0-1

[Event "Ct. Catalunya eq. DH"]
[Site "?"]
[Date "2011.03.05"]
[Round "6.2"]
[White "Pozo Vera, S."]
[Black "Pablo Mari, A."]
[Result "1-0"]
[WhiteElo "2509"]
[BlackElo "2458"]
[PlyCount "55"]
[EventDate "2011.??.??"]
[EventType "team"]

1. d4 d5 2. c4 c6 3. Nf3 Nf6 4. e3 g6 5. Nc3 Bg7 6. Be2 O-O 7. O-O dxc4 8. Bxc4
c5 9. h3 Nc6 10. dxc5 Qa5 11. e4 Qxc5 12. Qe2 e5 13. Nb5 Nh5 14. b3 Nf4 15. Qe3
Qxe3 16. fxe3 Ne6 17. Nd6 Bh6 18. g4 Ned8 19. Bd2 Be6 20. Rac1 Rb8 21. Kf2 Bxc4
22. Rxc4 f5 23. exf5 b5 24. Rc5 Rb6 25. g5 Ne7 26. Ne4 gxf5 27. Nf6+ Kh8 28.
Nd7 $138 1-0

[Event "Ct. Catalunya eq. DH"]
[Site "?"]
[Date "2011.03.05"]
[Round "6.3"]
[White "Cruz Sanchez, C."]
[Black "Dominguez Pons, E."]
[Result "1/2-1/2"]
[WhiteElo "2490"]
[BlackElo "2313"]
[PlyCount "80"]
[EventDate "2011.??.??"]
[EventType "team"]

1. d4 d5 2. c4 c6 3. Nf3 Nf6 4. Nc3 e6 5. Bg5 dxc4 6. e4 b5 7. e5 h6 8. Bh4 g5
9. Nxg5 hxg5 10. Bxg5 Nbd7 11. g3 Bb7 12. Bg2 Qb6 13. exf6 O-O-O 14. O-O c5 15.
d5 b4 16. Rb1 Qa6 17. dxe6 Bxg2 18. e7 Bxf1 19. Kxf1 Qc6 20. exd8=R+ Kxd8 21.
Qd5 Qxd5 22. Nxd5 Rxh2 23. Kg1 Rh5 24. f4 Nb6 25. Ne3 Rh8 26. Rc1 Kc7 27. Nxc4
Nxc4 28. Rxc4 Kc6 29. Kg2 Bd6 30. b3 a5 31. Bh4 a4 32. f5 Be5 33. Bg5 Bd4 34.
Bd2 Kd5 35. g4 axb3 36. axb3 Ke4 37. g5 Kxf5 38. Bxb4 cxb4 39. Rxd4 Kxg5 40.
Rxb4 Kxf6 1/2-1/2

[Event "Ct. Catalunya eq. DH"]
[Site "?"]
[Date "2011.03.05"]
[Round "6.3"]
[White "Grafl, F."]
[Black "Lariño Nieto, D."]
[Result "0-1"]
[WhiteElo "2419"]
[BlackElo "2508"]
[PlyCount "104"]
[EventDate "2011.??.??"]
[EventType "team"]

1. e4 e6 2. d4 d5 3. Bd3 Nf6 4. e5 Nfd7 5. Nf3 c5 6. c3 Nc6 7. O-O Be7 8. a3 c4
9. Bc2 b5 10. Ne1 a5 11. f4 Qb6 12. Kh1 g6 13. g4 Bb7 14. Qe2 h5 15. f5 hxg4
16. fxe6 fxe6 17. Bxg6+ Kd8 18. Bf4 Kc7 19. Rg1 Raf8 20. Rxg4 Nxd4 21. cxd4
Qxd4 22. Ng2 Bc5 23. Nc3 Bc6 24. Bg3 Qf2 25. Bxf2 Rxf2 26. Qe1 Rhf8 27. h3 b4
28. axb4 axb4 29. Ne2 Nxe5 30. Nef4 Kd6 31. Ra6 Rf6 32. Rg3 Rxb2 33. Qc1 Rf2
34. Be8 b3 35. Bxc6 Nxc6 36. Rg6 Rxg6 37. Nxg6 b2 38. Qb1 Bd4 39. Ne1 Rf1+ 40.
Kg2 Rg1+ 41. Kf3 Bc3 42. Qa2 Rf1+ 43. Kg2 Rxe1 44. Qa3+ Kd7 45. Qxc3 Rg1+ 46.
Kf2 b1=Q 47. Qg7+ Kd8 48. Ra8+ Nb8 49. Qf8+ Kc7 50. Qf4+ Kc6 51. Ne7+ Kd7 52.
Ra7+ Ke8 0-1

[Event "Ct. Catalunya eq. DH"]
[Site "?"]
[Date "2011.03.05"]
[Round "6.3"]
[White "Minguez Rodriguez, R."]
[Black "Martin Gonzalez, A."]
[Result "1/2-1/2"]
[WhiteElo "2305"]
[BlackElo "2429"]
[PlyCount "39"]
[EventDate "2011.??.??"]
[EventType "team"]

1. e4 c5 2. Nf3 d6 3. d4 cxd4 4. Nxd4 Nf6 5. Nc3 g6 6. Be3 Bg7 7. f3 Nc6 8. Qd2
O-O 9. Bc4 Bd7 10. O-O-O Qa5 11. h4 Rfc8 12. Bb3 Ne5 13. Kb1 Nc4 14. Bxc4 Rxc4
15. Nb3 Qc7 16. g4 Be6 17. h5 Rc8 18. hxg6 fxg6 19. Bh6 Bh8 20. Bg5 1/2-1/2

[Event "Ct. Catalunya eq. DH"]
[Site "?"]
[Date "2011.03.05"]
[Round "6.3"]
[White "Pomes Marcet, J."]
[Black "Gonzalez Rodriguez, JA."]
[Result "1-0"]
[WhiteElo "2422"]
[BlackElo "2486"]
[PlyCount "109"]
[EventDate "2011.??.??"]
[EventType "team"]

1. d4 Nf6 2. c4 c5 3. d5 e5 4. Nc3 d6 5. e4 g6 6. h3 Bg7 7. Bd3 O-O 8. g4 Ne8
9. Nge2 Bf6 10. Bh6 Ng7 11. Qd2 Bh4 12. Ng3 f6 13. O-O-O Bg5 14. Bxg5 fxg5 15.
Kb1 a6 16. Rdg1 Rf4 17. Nd1 Nd7 18. Ne2 Rf7 19. h4 gxh4 20. g5 Nh5 21. Rxh4 Qe7
22. Rxh5 gxh5 23. Ng3 Nf8 24. Nxh5 Ng6 25. Ne3 Kh8 26. Nf5 Qf8 27. Nf6 Nf4 28.
Rh1 Rxf6 29. gxf6 Bxf5 30. exf5 Qxf6 31. Be4 Rg8 32. a3 h5 33. Ka2 Kh7 34. b4
Rc8 35. Rb1 b5 36. cxb5 axb5 37. Rc1 c4 38. Qe3 Qf7 39. a4 Ra8 40. a5 Rg8 41.
Ka3 Qc7 42. Kb2 Kh6 43. Kc3 Ra8 44. Ra1 Qa7 45. Qxa7 Rxa7 46. Kd2 Rg7 47. a6
Ra7 48. f6 Nh3 49. Ke3 Ng5 50. Bf5 Nh7 51. Rg1 Ng5 52. f4 Nf7 53. Rg6+ Kh7 54.
Rg7+ Kh8 55. fxe5 1-0

[Event "Ct. Catalunya eq. DH"]
[Site "?"]
[Date "2011.03.05"]
[Round "6.3"]
[White "Torrecillas Martinez, A."]
[Black "Vila Gazquez, X."]
[Result "0-1"]
[WhiteElo "2433"]
[BlackElo "2488"]
[PlyCount "86"]
[EventDate "2011.??.??"]
[EventType "team"]

1. e4 c6 2. d4 d5 3. exd5 cxd5 4. c4 Nf6 5. Nc3 Nc6 6. Nf3 g6 7. cxd5 Nxd5 8.
Qb3 Nxc3 9. Bc4 Nd5 10. Bxd5 e6 11. Bc4 Bg7 12. d5 exd5 13. Bxd5 Qe7+ 14. Be3
Qb4+ 15. Ke2 Qxb3 16. axb3 O-O 17. Bxc6 bxc6 18. Rxa7 Rxa7 19. Bxa7 Bxb2 20.
Bd4 Ba6+ 21. Ke3 Re8+ 22. Kf4 Re2 23. Kg3 Ba3 24. Re1 Bd6+ 25. Kh4 Rxe1 26.
Nxe1 h6 27. h3 Kh7 28. Nf3 g5+ 29. Kh5 Bf1 30. h4 Bxg2 31. Ne1 gxh4 32. Kxh4
Bd5 33. Nd3 Bxb3 34. f4 Kg6 35. Ne5+ Bxe5 36. fxe5 Bd1 37. Bc5 Kf5 38. Be3 h5
39. Bd4 Bg4 40. Bb2 c5 41. Ba1 c4 42. Bb2 Kf4 43. Ba1 Ke3 0-1

[Event "Ct. Catalunya eq. DH"]
[Site "?"]
[Date "2011.03.05"]
[Round "6.4"]
[White "Baches Garcia, G."]
[Black "Canal Oliveras, J."]
[Result "1-0"]
[WhiteElo "2444"]
[BlackElo "2318"]
[PlyCount "87"]
[EventDate "2011.??.??"]
[EventType "team"]

1. e4 e5 2. Nf3 Nc6 3. Bb5 f5 4. d3 Nf6 5. O-O fxe4 6. dxe4 Bc5 7. Bc4 d6 8.
Nc3 Bg4 9. h3 Bh5 10. Bg5 Qd7 11. Bxf6 gxf6 12. Nxe5 Bxd1 13. Nxd7 Kxd7 14.
Raxd1 a6 15. Nd5 Rhf8 16. g4 Rae8 17. Bd3 Ne5 18. Kg2 h5 19. f3 h4 20. f4 Nxd3
21. cxd3 c6 22. Nc3 b5 23. d4 b4 24. Na4 Ba7 25. Kf3 d5 26. Rfe1 dxe4+ 27. Rxe4
Kd6 28. Rde1 Rxe4 29. Rxe4 f5 30. gxf5 Rxf5 31. Re5 Rxe5 32. dxe5+ Kd5 33. Kg4
Ke6 34. b3 Bd4 35. Kg5 a5 36. Kg4 Bf2 37. Nb2 Kd5 38. Nc4 a4 39. f5 axb3 40.
axb3 Bd4 41. e6 Bf6 42. Kh5 Bd8 43. Kg6 c5 44. Kf7 1-0

[Event "Ct. Catalunya eq. DH"]
[Site "?"]
[Date "2011.03.05"]
[Round "6.4"]
[White "Fluvia Poyatos, Joan"]
[Black "Sanchez Ibern, M."]
[Result "1/2-1/2"]
[WhiteElo "2472"]
[BlackElo "2298"]
[PlyCount "111"]
[EventDate "2011.??.??"]
[EventType "team"]

1. e4 e5 2. Nf3 Nc6 3. Bc4 g6 4. d4 exd4 5. c3 Bg7 6. cxd4 Nge7 7. Nc3 Na5 8.
Bb5 a6 9. Ba4 O-O 10. Bg5 f6 11. Bd2 Kh8 12. Qe2 b5 13. Bc2 Nc4 14. h4 Nxd2 15.
Nxd2 h6 16. h5 g5 17. g4 d6 18. Nf1 Be6 19. d5 Bg8 20. Ng3 Re8 21. Qd3 c6 22.
O-O b4 23. Nce2 cxd5 24. exd5 Qd7 25. f3 Nxd5 26. Nf5 Re5 27. Neg3 Nf4 28. Qxd6
Qxd6 29. Nxd6 Ne2+ 30. Nxe2 Rxe2 31. Rf2 Rxf2 32. Kxf2 f5 33. Nxf5 Bxb2 34. Rb1
Bc3 35. Bb3 Bh7 36. Rd1 Bxf5 37. gxf5 a5 38. Rd6 a4 39. Rxh6+ Kg7 40. Rg6+ Kh7
41. Bd5 Rd8 42. Bc4 Rd4 43. Bg8+ Kh8 44. f6 Rf4 45. Rxg5 Rxf6 46. Bc4 Rb6 47.
Rg8+ Kh7 48. Ra8 b3 49. Rxa4 b2 50. Bd3+ Kh6 51. Bb1 Kxh5 52. Rc4 Bf6 53. a4
Rb3 54. Rc5+ Kh6 55. Rc6 Kg7 56. Rc7+ 1/2-1/2

[Event "Ct. Catalunya eq. DH"]
[Site "?"]
[Date "2011.03.05"]
[Round "6.4"]
[White "Oms Fuentes, L."]
[Black "Gardela Batlle, J."]
[Result "1-0"]
[WhiteElo "2380"]
[BlackElo "2274"]
[PlyCount "45"]
[EventDate "2011.??.??"]
[EventType "team"]

1. e4 c5 2. Nf3 d6 3. d4 cxd4 4. Nxd4 Nf6 5. Nc3 a6 6. Bg5 e6 7. f4 Qb6 8. Nb3
Nbd7 9. Qf3 Be7 10. O-O-O Qc7 11. Bd3 h6 12. Bh4 Nxe4 13. Nxe4 Bxh4 14. Qg4 Bf6
15. Nxf6+ gxf6 16. Qg7 Rf8 17. Rhe1 h5 18. Nd4 e5 19. Bf5 b5 20. Bxd7+ Bxd7 21.
Qxf6 Rc8 22. fxe5 d5 23. e6 1-0

[Event "Ct. Catalunya eq. DH"]
[Site "?"]
[Date "2011.03.05"]
[Round "6.5"]
[White "Mellado Triviño, J."]
[Black "Escandell Mari, JC."]
[Result "1-0"]
[WhiteElo "2422"]
[BlackElo "2286"]
[PlyCount "81"]
[EventDate "2011.??.??"]
[EventType "team"]

1. e4 d5 2. exd5 Qxd5 3. Nf3 Bg4 4. Be2 Nf6 5. d4 c6 6. h3 Bh5 7. c4 Qd8 8. O-O
e6 9. Nc3 Bd6 10. Ne5 Bg6 11. Bf4 Ne4 12. Qb3 Bxe5 13. Bxe5 Nd7 14. Bf4 Qb6 15.
Nxe4 Bxe4 16. Qe3 Nf6 17. Be5 Bg6 18. Qa3 a5 19. Rfd1 Qb4 20. Qxb4 axb4 21. Bd6
b3 22. axb3 Kd7 23. Be5 Bc2 24. Rdc1 Bxb3 25. Kh2 Ke7 26. Rxa8 Rxa8 27. Rc3 Ba2
28. Bd3 g6 29. g4 Nd7 30. Bf4 Nb6 31. Bc7 Nc8 32. g5 Nd6 33. Bb6 Kd7 34. Bc5
Ra4 35. b3 Ra8 36. Bc2 Nf5 37. Rd3 b5 38. cxb5 cxb5 39. Rd1 Kc8 40. Ra1 Kb8 41.
Be4 1-0

[Event "Ct. Catalunya eq. DH"]
[Site "?"]
[Date "2011.03.05"]
[Round "6.5"]
[White "Simon Padros, E."]
[Black "Adel Lahchaichi, O."]
[Result "1/2-1/2"]
[WhiteElo "2299"]
[BlackElo "2370"]
[PlyCount "59"]
[EventDate "2011.??.??"]
[EventType "team"]

1. e4 c5 2. Nf3 Nc6 3. d4 cxd4 4. Nxd4 Nf6 5. Nc3 e5 6. Ndb5 d6 7. Bg5 a6 8.
Na3 b5 9. Nd5 Be7 10. Bxf6 Bxf6 11. c4 b4 12. Nc2 Rb8 13. b3 Bg5 14. g3 O-O 15.
Bg2 Qa5 16. O-O Be6 17. f4 Bd8 18. Kh1 Qc5 19. Qd3 Bxd5 20. exd5 Nd4 21. fxe5
dxe5 22. Nxd4 exd4 23. Rf4 Bg5 24. Rf5 Be3 25. Raf1 g6 26. Rf6 Rb6 27. Rc6 Rxc6
28. dxc6 f5 29. Bd5+ Kg7 30. Kg2 1/2-1/2

[Event "Ct. Catalunya eq. DH"]
[Site "?"]
[Date "2011.03.05"]
[Round "6.5"]
[White "Tebar Moreno, JC."]
[Black "Arias Boo, G."]
[Result "0-1"]
[WhiteElo "2271"]
[BlackElo "2390"]
[PlyCount "80"]
[EventDate "2011.??.??"]
[EventType "team"]

1. c4 Nf6 2. Nc3 d6 3. g3 e5 4. Bg2 Nc6 5. Nf3 g6 6. d4 Bg4 7. dxe5 dxe5 8. Bg5
Qxd1+ 9. Rxd1 Bg7 10. h3 Bd7 11. O-O h6 12. Be3 O-O-O 13. b4 e4 14. Nd2 Nxb4
15. Ndxe4 Nxe4 16. Nxe4 Bc6 17. a3 Nc2 18. Bc5 f5 19. Rc1 Nd4 20. Nc3 Bxg2 21.
Bxd4 Bxf1 22. Bxg7 Rh7 23. Bf6 Rf8 24. Be5 Bxh3 25. Nd5 g5 26. f3 f4 27. g4 Re8
28. Nf6 Rxe5 29. Nxh7 Rxe2 30. Nf6 Rg2+ 31. Kh1 Rf2 32. Rc3 Bg2+ 33. Kg1 Rxf3
34. Rc1 Bh3 35. Re1 Re3 36. Rd1 Re6 37. Nd5 c6 38. Nc3 Bxg4 39. Rd2 Bf5 40. Na4
b6 0-1

[Event "Ct. Catalunya eq. DH"]
[Site "?"]
[Date "2011.03.05"]
[Round "6.6"]
[White "Castellet Giralt, G."]
[Black "Perpinya Rofes, LM."]
[Result "0-1"]
[WhiteElo "2203"]
[BlackElo "2368"]
[PlyCount "92"]
[EventDate "2011.??.??"]
[EventType "team"]

1. e4 c5 2. Nf3 Nc6 3. d4 cxd4 4. Nxd4 Nf6 5. Nc3 d6 6. Be2 e6 7. Be3 Be7 8.
O-O a6 9. a4 O-O 10. Nb3 b6 11. f4 Qc7 12. Bf3 Rd8 13. Rf2 Rb8 14. Rd2 Na5 15.
Nxa5 bxa5 16. Bd4 Bb7 17. Kh1 Ba8 18. e5 Bxf3 19. Qxf3 Nd7 20. Ne4 dxe5 21.
fxe5 Nxe5 22. Qg3 f6 23. c3 Qc6 24. Nxf6+ Bxf6 25. Bxe5 Rxd2 26. Bxf6 Qxg2+ 27.
Qxg2 Rxg2 28. Kxg2 Rxb2+ 29. Kg3 gxf6 30. Rd1 Rb3 31. Rd8+ Kf7 32. Rc8 Ra3 33.
Rc4 e5 34. Kg4 Kg6 35. Kf3 Kf5 36. Ke3 h5 37. Kd3 Ra2 38. h4 Rh2 39. Rc5 Rxh4
40. Rxa5 Rh1 41. Rxa6 h4 42. Ra8 h3 43. Rh8 h2 44. Kc4 e4 45. a5 e3 46. a6 e2
0-1

[Event "Ct. Catalunya eq. DH"]
[Site "?"]
[Date "2011.03.05"]
[Round "6.6"]
[White "Castelltort Fernandez, A."]
[Black "Vehi Bach, VM."]
[Result "1/2-1/2"]
[WhiteElo "2270"]
[BlackElo "2408"]
[PlyCount "88"]
[EventDate "2011.??.??"]
[EventType "team"]

1. d4 Nf6 2. Nf3 e6 3. e3 b6 4. Bd3 Bb7 5. O-O d5 6. b3 Bd6 7. Bb2 O-O 8. Ne5
c5 9. Nd2 Qc7 10. c4 Ne4 11. Qc2 Nxd2 12. Qxd2 dxc4 13. bxc4 f6 14. Nf3 Bxf3
15. gxf3 Bxh2+ 16. Kg2 Bd6 17. Qc2 g6 18. d5 e5 19. Rh1 Rf7 20. Rag1 Nd7 21.
Kf1 Nf8 22. Rh6 Rg7 23. Rgh1 Rc8 24. a4 a6 25. f4 Qe7 26. f5 g5 27. Kg2 Nd7 28.
Be4 Rb8 29. Qe2 Nf8 30. Bc3 Nd7 31. Qh5 Qf7 32. Qe2 Kf8 33. Rb1 Ke7 34. Rbh1
Nf8 35. Rb1 Qe8 36. Bd3 Nd7 37. e4 Bc7 38. Rbh1 Nf8 39. Bc2 Qf7 40. Bd3 Nd7 41.
Rb1 Bd6 42. Rbh1 Nf8 43. Rb1 Qe8 44. Bc2 Nd7 1/2-1/2

[Event "Ct. Catalunya eq. DH"]
[Site "?"]
[Date "2011.03.05"]
[Round "6.6"]
[White "Garcia Cano, A."]
[Black "Gomez Jurado, LA."]
[Result "0-1"]
[WhiteElo "2358"]
[BlackElo "2392"]
[PlyCount "58"]
[EventDate "2011.??.??"]
[EventType "team"]

1. e4 c5 2. Nf3 Nc6 3. d4 cxd4 4. Nxd4 Nf6 5. Nc3 d6 6. g3 Qb6 7. Nb3 e6 8. Bg2
Be7 9. O-O a6 10. h3 O-O 11. Qe2 d5 12. exd5 exd5 13. Be3 Qd8 14. Rad1 Be6 15.
Nxd5 Nxd5 16. Bxd5 Bxd5 17. Qh5 f5 18. c4 Bf7 19. Qxf5 Qc8 20. Qxc8 Raxc8 21.
Nd2 Nb4 22. a3 Nd3 23. Bd4 Rfd8 24. Bb6 Rd7 25. Nb3 Bxc4 26. Na5 Bb5 27. Rd2
Ne5 28. Rxd7 Nxd7 29. Re1 Bf6 0-1